E49(磐越道)のIC - Statistics

General Stats
  • This quiz has been taken 66 times
  • The average score is 22 of 30
Answer Stats
磐越道 % Correct
JCT いわき
100%
JCT 郡山
98%
IC 会津若松
94%
IC 新津
87%
PA 新潟
87%
IC 磐梯熱海
85%
IC 会津坂下
85%
JCT 新潟中央
85%
IC 新潟中央
85%
IC 小野
79%
IC 郡山東
79%
IC 津川
79%
SA 阿賀野川
79%
IC/PA 西会津
77%
SA 磐梯山
75%
PA 三春
71%
IC 安田
71%
PA 五泉
71%
SIC 田村
65%
SA 阿武隈高原
65%
PA 五百川
65%
IC 三川
65%
IC いわき三和
63%
IC 船引三春
63%
IC 猪苗代磐梯高原
63%
PA/SIC 新鶴
63%
PA 差塩
58%
SIC 新津西
56%
IC 磐梯河東
54%
PA 上川
38%
No matching quizzes found
Score Distribution
Percent of People with Each Score
Percentile by Number Answered
Your Score History
You have not taken this quiz